000 00762nam a22002537a 4500
001 BR6000965
003 BR-BrBNA
005 20230928083044.0
007 ta
008 230509b bl.||||| |||| 00| 0 por d
040 _aBR-BrBNA
_bpor
_cBiblioteca Nacional de Agricultura
041 _a(Por)
072 _aU20
090 _ U20 BR6000965
100 1 _aSchmidt, C.B.
110 1 _aSecretaria da Agricultura, Industria e Commercio do Estado de Sao Paulo, Sao Paulo (Brasil)
245 1 _aClassificacao decimal dos assumptos agricolas
260 3 _aSao Paulo, sp (Brasil):
_c1941.
300 _a44 p.
500 _aReprint of "Boletim de Agricultura" no. Unico - 1939
650 _aDocumentacao
909 _a202309
_bLucia
_c55
_dLucia Elande
942 _cBK
999 _c11318
_d11318